Sports Quiz

Random Sports or NHL Quiz

NHL Hat-Tricks 2015-2016 Quiz Stats

 Plays Quiz not verified by Sporcle

Support Sporcle.
Go Orange.
Score 0/67 Timer 10:00
0 Plays Today
Position/Team Player % Correct
Washington CapitalsAlexander Ovechkin
92.7%
Washington CapitalsAlexander Ovechkin
92.3%
Dallas StarsTyler Seguin
89.9%
Chicago BlackhawksPatrick Kane
88.9%
Chicago BlackhawksPatrick Kane
87.9%
Pittsburgh PenguinsSidney Crosby
84.6%
Vancouver CanucksDaniel Sedin
83.5%
Calgary FlamesJohnny Gaudreau
81.2%
Calgary FlamesJohnny Gaudreau
81.2%
Minnesota WildZach Parise
80.7%
Minnesota WildZach Parise
80.7%
Pittsburgh PenguinsEvgeni Malkin
80.5%
Minnesota WildZach Parise
78%
Dallas StarsJason Spezza
70.6%
Dallas StarsJason Spezza
70.5%
Los Angeles KingsAnze Kopitar
69.7%
Washington CapitalsEvgeny Kuznetsov
68.7%
Anaheim DucksCorey Perry
68.5%
Nashville PredatorsFilip Forsberg
67.8%
Nashville PredatorsFilip Forsberg
67.3%
Carolina HurricanesJeff Skinner
66.4%
Carolina HurricanesJeff Skinner
66.4%
Arizona CoyotesShane Doan
65.7%
Chicago BlackhawksArtemi Panarin
64%
New York RangersRick Nash
61.5%
Edmonton OilersJordan Eberle
59.8%
San Jose SharksLogan Couture
59.2%
Arizona CoyotesMax Domi
57.6%
New York IslandersKyle Okposo
56.1%
Toronto Maple LeafsNazem Kadri
53.8%
New York RangersMats Zuccarello
50.9%
Colorado AvalancheNathan MacKinnon
49.1%
Nashville PredatorsJames Neal
49%
Boston BruinsLoui Eriksson
48.8%
Position/Team Player % Correct
Columbus Blue JacketsBrandon Saad
46.4%
Los Angeles KingsTyler Toffoli
46.1%
Columbus Blue JacketsCam Atkinson
46.1%
Nashville PredatorsShea Weber
45.8%
Winnipeg JetsMark Scheifele
45%
Arizona CoyotesAnthony Duclair
44.7%
Columbus Blue JacketsNick Foligno
42.5%
Vancouver CanucksRadim Vrbata
39.9%
Toronto Maple LeafsTyler Bozak
38.2%
Washington CapitalsJustin Williams
34.1%
Piladelphia FlyersBrayden Schenn
31.9%
Detroit Red WingsJustin Abdelkader
31.6%
Pittsburgh PenguinsPatric Hornqvist
30.7%
Calgary FlamesSam Bennett
27.9%
New York IslandersBrock Nelson
27.3%
Arizona CoyotesMikkel Boedker
26.3%
Arizona CoyotesMikkel Boedker
26.3%
Winnipeg JetsNickolaj Ehlers
24.8%
San Jose SharksJoel Ward
24.5%
Buffalo SabresRasmus Ristolainen
23.4%
Buffalo SabresSam Reinhart
23.1%
Calgary FlamesMikael Backlund
22.8%
Anaheim DucksJakob Silfverberg
22.4%
Ottawa SenatorsMika Zibanejad
19.8%
Calgary FlamesMichael Frolik
18.8%
Calgary FlamesMichael Frolik
17.8%
Vancouver CanucksJannik Hansen
16.8%
Boston BruinsJimmy Hayes
16.7%
Dallas StarsPatrick Eaves
16.6%
Montreal CanadiensDale Weise
14.5%
Tampa Bay LightningVladislav Namestnikov
14.3%
Boston BruinsFrank Vatrano
8.7%
Edmonton OilersLauri Korpikoski
5.9%

You're not logged in!

Compare scores with friends on all Sporcle quizzes.
OR
Log In

From the Vault

Green Day in French

by knope2012

Billie Joe Armstrong likes a nice baguette now and then.
Remove Ads.
Support Sporcle.
Get the best of Sporcle when you Go Orange. This ad-free experience offers more features, more stats, and more fun while also helping to support Sporcle. Thank you for becoming a member.

Show Comments

Extras

Top Quizzes Today


Score Distribution

Your Account Isn't Verified!

In order to create a playlist on Sporcle, you need to verify the email address you used during registration. Go to your Sporcle Settings to finish the process.

Report this User

Report this user for behavior that violates our Community Guidelines.

Details: